000 00584nam a2200181Ia 4500
003 GCL
008 140319s9999 xx 000 0 ara d
040 _aGCL /
_cGCL
082 0 4 _a683.8
_bف م
100 1 _aفاروق سيد حسين
245 1 0 _aمحركات المنازل /
_cفاروق سيد حسين
300 _a77 ص
490 _aموسوعة الاجهزة المنزلية الالكترونية
_v0
650 0 4 _aالهندسة الكهربية
650 0 4 _aالمحركات الكهربائية
650 0 4 _aالالات الكهربائية
942 _2ddc
_cBK
999 _c47935
_d47935